000 01025nam0a22002891 4500
001 rc\4090349
005 20250611085223.0
021 _aRU
_b[54-5505]
035 _a(NLR Aleph) 008131885
090 _a9429132
_c9429132
100 _a20130415d1953 |||y0rusy50 ca
101 0 _arus
102 _aRU
105 _aa z |||||
200 1 _aДлительная подсочка сосны в СССР
210 _aМосква
_aЛенинград
_cГослесбумиздат
_d1953
215 _a160 с.
_cил.
_d22
300 _aПеред загл. авт.: Б.И. Гаврилов, д-р с.-х. наук
320 _aБиблиогр.: с. 156-57 (36 назв.)
606 _aПодсочка
_xУдлиненные сроки
_2psbo
700 1 _7ca
_8rus
_aГаврилов
_bБ. И.
_cд-р с.-х. наук
_gБорис Иванович
_9270362
_3RU\NLR\AUTH\770270418
801 0 _aRU
_bNLR
_gpsbo
801 1 _aRU
_bELAR
_2rusmarc
852 _aNLR
_jС60 Г-5/219
942 _cBOOK
980 _aNB